[Event "Diamond Cement GM Open 2018"]
[Site "Chittagong"]
[Date "2018.09.03"]
[Round "3"]
[White "Rahman, Taibur"]
[Black "Dhulipalla Bala Chandra Prasa"]
[Result "0-1"]
[WhiteElo "2217"]
[BlackElo "2352"]
[Annotator "NA"]
[PlyCount "90"]
[EventDate "2018.09.02"]
[EventCountry "BAN"]
[SourceTitle "playchess.com"]
[Source "ChessBase"]
[SourceQuality "1"]

1. d4 d5 2. c4 Nc6 3. cxd5 Qxd5 4. e3 e5 5. Nc3 Bb4 6. a3 Bxc3+ 7. bxc3 Nf6 8. c4 Qd6 9. d5 Nb8 10. Bb2 O-O 11. Nf3 Nbd7 12. a4 Re8 13. Ba3 Nc5 14. Qc2 c6 15. Nd2 b6 16. Nb3 (16. e4 $11) 16... Nfd7 17. e4 Ba6 18. Be2 Qg6 19. O-O Nxb3 20. Qxb3 cxd5 21. exd5 Rac8 22. Rfc1 Nc5 23. Qh3 Qf6 {[#]} 24. Bb4 (24. a5 $1 $16 {[%mdl 512]}) 24... Rc7 $16 (24... e4 $1 $14) 25. a5 Bc8 26. Qe3 Bd7 27. axb6 axb6 28. Ra3 Qg6 29. Rca1 Qd6 30. Bd3 Rec8 31. Qg3 b5 32. Ra6 Qf8 33. cxb5 Nxd3 34. Qxd3 Qxb4 35. Rc6 Bxc6 36. dxc6 Qd4 37. Qf1 g6 38. Rd1 Qc5 39. Rc1 Qb6 40. Qe2 Qd4 41. Re1 Rb8 42. h3 Qc5 43. Qxe5 Qxe5 44. Rxe5 f6 45. Rc5 Kf7 0-1

[Event "Diamond Cement GM Open 2018"]
[Site "Chittagong"]
[Date "2018.09.03"]
[Round "3"]
[White "Rajbhandari, Rijendra"]
[Black "Murshed, Niaz"]
[Result "0-1"]
[WhiteElo "1937"]
[BlackElo "2408"]
[Annotator "ChessBase"]
[PlyCount "73"]
[EventDate "2018.09.02"]
[EventCountry "BAN"]
[SourceTitle "playchess.com"]
[Source "ChessBase"]
[SourceQuality "1"]

1. d4 Nf6 2. c4 e6 3. g3 c5 4. d5 exd5 5. cxd5 d6 6. Nc3 g6 7. Nf3 Bg7 8. Bg2 O-O 9. O-O Re8 10. h3 Ne4 11. Nxe4 Rxe4 12. Nd2 Re8 13. a4 b6 14. e4 Ba6 15. Re1 Nd7 16. Qc2 Ne5 17. Bf1 c4 18. Kg2 Rc8 19. Rb1 Nd3 20. Bxd3 cxd3 21. Qd1 Rc2 22. b4 Qd7 23. b5 Bc8 24. g4 h5 25. f3 hxg4 26. hxg4 f5 27. exf5 gxf5 28. Rb4 Re2+ 29. Kf1 Bc3 30. Rxe2 dxe2+ 31. Kxe2 Rxc1 32. Qxc1 Bxb4 33. Nc4 Qe7+ 34. Kd3 Bc5 35. Qh6 fxg4 36. Qg6+ Kh8 37. Qh6+ {Qd8 [%clk 0:00:00] Kd4+ [%clk 0:00:00]} 0-1

[Event "Diamond Cement GM Open 2018"]
[Site "Chittagong"]
[Date "2018.09.04"]
[Round "4"]
[White "Mollah Abdullah, Al Rakib"]
[Black "Murshed, Niaz"]
[Result "1/2-1/2"]
[WhiteElo "2472"]
[BlackElo "2408"]
[Annotator "TA"]
[PlyCount "36"]
[EventDate "2018.09.02"]
[EventCountry "BAN"]
[SourceTitle "playchess.com"]
[Source "ChessBase"]
[SourceQuality "1"]

{[%evp 21,36,40,45,0,0,-8,0,-70,-74,-57,-71,-63,-74,-77,-68,-68,-61]} 1. d4 Nf6 2. Nf3 g6 3. c4 Bg7 4. Nc3 d6 5. Bg5 h6 6. Bh4 O-O 7. e3 c5 8. Be2 cxd4 9. Nxd4 Nc6 10. O-O Bd7 11. Rc1 {E61: King's Indian: Early deviations for White, including Smyslov System} Rc8 {LiveBook: 14 Games} 12. Nb3 $146 ({Predecessor:} 12. Nxc6 bxc6 13. c5 d5 14. b4 e5 15. Bxf6 Bxf6 16. e4 a5 17. a3 axb4 18. axb4 Rb8 {½-½ (41) Laxman,R (2434)-Tukhaev,A (2570) Chennai 2018}) 12... Ne5 13. c5 {The position is equal.} dxc5 {[%cal Bd6c5,Bc5c4][%mdl 32]} 14. Bxf6 ({Better is} 14. Bg3 $11 Qc7 15. Nd2) 14... exf6 $15 ({But not} 14... Bxf6 $6 15. f4 $11) 15. f4 c4 16. Nd4 {[%cal Bb3d4,Bd4b5,Bb5d6][%mdl 32]} Nc6 17. Ndb5 f5 18. Nd6 Rb8 1/2-1/2

[Event "Diamond Cement GM Open 2018"]
[Site "Chittagong"]
[Date "2018.09.04"]
[Round "4"]
[White "Dhulipalla Bala Chandra Prasa"]
[Black "Rahman, Ziaur"]
[Result "1/2-1/2"]
[WhiteElo "2352"]
[BlackElo "2477"]
[Annotator "TA"]
[PlyCount "55"]
[EventDate "2018.09.02"]
[EventCountry "BAN"]
[SourceTitle "playchess.com"]
[Source "ChessBase"]
[SourceQuality "1"]

{[%evp 11,55,42,33,0,12,0,6,-18,-1,-40,-33,-39,-27,-31,45,32,112,74,78,80,103,102,77,23,25,27,22,0,118,0,16,0,12,-22,-36,-25,-13,-12,-18,-63,0,-34,0,0,56,-52]} 1. d4 e6 2. c4 f5 3. Nf3 Nf6 4. g3 g6 (4... d5 5. Bg2 Bd6 6. O-O O-O 7. b3 b6 8. Ba3 Ne4 9. Bxd6 Qxd6 10. cxd5 exd5 11. e3 Ba6 12. Re1 Nd7 13. Qc1 c5 14. Qa3 Bb7 15. dxc5 bxc5 {0-1 (40) Melkumyan,H (2633)-Grischuk,A (2772) Riadh 2017}) 5. Bg2 Bg7 6. O-O {A84: Dutch Defence: 2 c4 Miscellaneous} O-O {LiveBook: 27 Games} 7. Nbd2 d6 8. Re1 {The position is equal.} Nc6 9. e4 e5 $146 ({Predecessor:} 9... d5 10. cxd5 exd5 11. e5 Ne4 12. h4 Kh8 13. Nf1 Qe7 14. a3 {0-1 (34) Kukic,L (1764)-Olsarova,T (2216) Rijeka 2011}) 10. d5 Nb4 11. Qb3 Na6 12. Qa3 Re8 (12... Nc5 $15) 13. b4 $14 f4 ({Better is} 13... c5 $14) 14. Bb2 $36 {[%mdl 2048] White is on the roll.} Bh6 15. c5 g5 16. Nc4 g4 17. Nfd2 (17. Nfxe5 $16 {Black must now prevent gxf4.} dxe5 18. Rad1) 17... b5 $11 18. cxb6 $1 cxb6 {Black wants to play ...b5.} 19. Rad1 Rf8 {[#]} (19... b5 $11 20. Na5 Qb6) 20. b5 (20. Nxe5 $1 $16 dxe5 21. Bxe5) 20... Nc5 21. Nb3 $1 Nxb3 22. Qxb3 Nd7 23. Ba3 Nc5 24. Bxc5 bxc5 25. a4 Rf7 ({Black should play} 25... Qf6 $15) 26. Rb1 Bf8 27. a5 h5 (27... f3 $11 28. Bf1 h5) 28. b6 {Precision: White = 43%, Black = 47%.} (28. gxf4 $14 Rxf4 29. Qa2) 1/2-1/2

[Event "Diamond Cement GM Open 2018"]
[Site "Chittagong"]
[Date "2018.09.04"]
[Round "4"]
[White "Mohammad Minhaz Uddin"]
[Black "Mehdi Hasan Parag"]
[Result "1/2-1/2"]
[WhiteElo "2328"]
[BlackElo "2180"]
[Annotator "TA"]
[PlyCount "37"]
[EventDate "2018.09.02"]
[EventCountry "BAN"]
[SourceTitle "playchess.com"]
[Source "ChessBase"]
[SourceQuality "1"]

{[%evp 27,37,7,7,7,10,8,4,3,9,14,41,-31]} 1. e4 c6 2. d4 d5 3. Nc3 dxe4 4. Nxe4 Bf5 5. Ng3 Bg6 6. h4 h6 7. Nf3 e6 8. Ne5 Bh7 9. Bd3 Bxd3 10. Qxd3 Nd7 {B19: Caro-Kann (Hauptvariante)} 11. f4 Be7 12. Bd2 Nxe5 13. fxe5 Bxh4 14. O-O-O Bxg3 $1 {LiveBook: 44 Partien} 15. Qxg3 Ne7 16. Qxg7 Rg8 17. Qxh6 {Schwarz sollte c3 verhindern.} (17. Qf6 Nf5 18. Bxh6 Qxf6 19. exf6 {½-½ (32) Hou,Y (2680)-Karjakin,S (2753) Wijk aan Zee 2018}) 17... Qd5 18. Kb1 {[#] Lg5 ist eine echte Drohung.} O-O-O $146 19. Bb4 (19. Qf6 $14 Nf5 20. Rh7 (20. Qxf7 Rdf8 $11)) 1/2-1/2

[Event "Diamond Cement GM Open 2018"]
[Site "Chittagong"]
[Date "2018.09.04"]
[Round "4"]
[White "Anustoop Biswas"]
[Black "Rajbhandari, Rijendra"]
[Result "1-0"]
[WhiteElo "2308"]
[BlackElo "1937"]
[Annotator "TA"]
[PlyCount "59"]
[EventDate "2018.09.02"]
[EventCountry "BAN"]
[SourceTitle "playchess.com"]
[Source "ChessBase"]
[SourceQuality "1"]

{[%evp 19,59,29,0,-43,-43,-39,-39,-72,-62,-87,-85,-83,-83,-168,-170,-172,-170,-192,-125,-129,-100,-104,-104,-108,-102,-213,-53,-52,-54,-254,-213,-193,-110,-150,-28,-34,132,130,241,238,420,387]} 1. e4 c6 2. d4 d5 3. exd5 cxd5 4. Bd3 Nc6 5. c3 Qc7 6. Ne2 Bg4 7. f3 Bd7 8. Na3 {B13: Caro-Kann: Exchange Variation and Panov-Botvinnik Attack} a6 9. Nc2 e5 10. dxe5 Nxe5 {LiveBook: 3 Games} 11. f4 $146 ({Predecessor:} 11. Ncd4 Bd6 12. Nf5 Nxd3+ 13. Qxd3 Bxf5 14. Qxf5 Ne7 15. Qg4 O-O {½-½ (71) Khabarov,S (2305)-Svetushkin,D (2576) Paleochora 2011}) 11... Nxd3+ 12. Qxd3 Nf6 13. Ned4 Bc5 14. O-O O-O {aiming for ...Bb5.} 15. Kh1 Rfe8 16. Ne3 (16. f5 $17) 16... Bxd4 $1 $19 17. Qxd4 Bb5 18. Rg1 Rad8 (18... Qd7 $19 19. Qd1 Rad8) 19. Nf5 $17 Re4 20. Qf2 Re2 $1 {[%cal Re2f2]} 21. Qh4 Ne4 22. h3 {[#]} (22. Rf1 $17 {was worth a try.}) 22... g6 $2 ({Black should try} 22... d4 $1 $19 {[%mdl 512] Threatens to win with ...d3.} 23. cxd4 Rd5) 23. Nh6+ $15 Kg7 {[#] ...Re8 is the strong threat.} 24. Kh2 $2 (24. Nxf7 $1 $15 {[%mdl 512]} Re8 (24... Qxf7 25. Qxd8) 25. Ng5) 24... f5 {Hoping for ...Re8.} 25. Nf7 Rd7 ({Worse is} 25... Qxf7 26. Qxd8 Qf6 27. Qxf6+ (27. Qxd5 Qh4 $19) 27... Kxf6 28. Rd1 $14) ({Black should play} 25... Re8 $19 26. Qh6+ Kg8) 26. Ne5 {[%cal Bf7e5,Be5f3,Bf3d4][%mdl 32] [#]} Re7 (26... g5 $1 $17 {[%cal Rg5h4][%mdl 512]} 27. Qh5 (27. fxg5 Qxe5+) 27... Rd6 28. fxg5 Rf2) 27. Nf3 $1 $11 Be8 $2 (27... Kg8 $15 {keeps the upper hand.}) 28. Nd4 $16 Rf2 (28... Nf6 $16 {is a better defense.}) 29. Re1 $18 g5 $2 {[#]} (29... h6 30. Rxe4 Rxg2+ 31. Kxg2 dxe4) 30. Qxf2 $1 {[%mdl 512] Precision: White = 21%, Black = 41%.} 1-0

[Event "Diamond Cement GM Open 2018"]
[Site "Chittagong"]
[Date "2018.09.04"]
[Round "4"]
[White "Mohammad Fahad, Rahman"]
[Black "Barua, Dibyendu"]
[Result "1-0"]
[WhiteElo "2263"]
[BlackElo "2443"]
[Annotator "TA"]
[PlyCount "39"]
[EventDate "2018.09.02"]
[EventCountry "BAN"]
[SourceTitle "playchess.com"]
[Source "ChessBase"]
[SourceQuality "1"]

{[%evp 17,39,34,56,46,53,43,62,66,103,96,182,208,208,162,362,348,367,362,337,353,584,581,1107,1106]} 1. e4 e6 2. d4 d5 3. Nc3 Nf6 4. Bg5 dxe4 5. Nxe4 Be7 6. Bxf6 gxf6 7. Nf3 a6 8. Bd3 b5 {C13: Französische Verteidigung (Klassisches System)} (8... f5 9. Ng3 c5 10. dxc5 Nd7 11. b4 b6 12. O-O bxc5 13. b5 h5 14. h4 Nb6 15. Qe2 Qc7 16. Ne5 {1-0 (43) Naiditsch,A (2706)-Bluebaum,M (2471) Deizisau 2013}) 9. Qe2 Bb7 {LiveBook: 12 Partien} 10. a4 b4 {Weiß steht etwas besser.} 11. Rd1 $146 ({Vorgänger:} 11. Ned2 c5 12. dxc5 Nd7 13. Be4 Qc7 14. Bxb7 Qxb7 15. Ne4 Nxc5 16. Nxc5 Bxc5 {½-½ (35) Iruzubieta Villaluenga,J (2428)-Polaczek,R (2406) Leiria 2017}) 11... Nd7 12. O-O Nb6 13. Nc5 Bxc5 (13... Bd5 $16) 14. dxc5 $18 Nd5 15. Nd4 {[%cal Bf3d4,Bd4c6,Bc6b4][%mdl 32] Droht c6 und aus.} Nf4 $2 (15... Qd7 {ist eine bessere Verteidigung.} 16. Be4 O-O-O) 16. Qg4 Nxd3 ({Bitte nicht} 16... Qxd4 {[#]} 17. Bb5+ $1 {[%mdl 512]} Kf8 18. Rxd4 $18) 17. Rxd3 ({Lieber nicht} 17. cxd3 h5 $15) 17... Bd5 {[#]} 18. Nc6 $1 {[%mdl 512]} Qd7 $2 (18... Bxc6 {war angesagt.} 19. Rxd8+ Kxd8) 19. Nxb4 O-O-O {Weiss muss nun ...Thg8 beachten.} 20. c6 1-0

[Event "Diamond Cement GM Open 2018"]
[Site "Chittagong"]
[Date "2018.09.04"]
[Round "4"]
[White "Abu Sufian, Shakil"]
[Black "Ghosh, Chanchal Kumer"]
[Result "1-0"]
[WhiteElo "2247"]
[BlackElo "2046"]
[Annotator "TA"]
[PlyCount "77"]
[EventDate "2018.09.02"]
[EventCountry "BAN"]
[SourceTitle "playchess.com"]
[Source "ChessBase"]
[SourceQuality "1"]

{[%evp 16,77,-11,-8,-9,-19,0,-15,-12,-27,0,0,0,-7,0,0,0,17,41,51,112,106,126,106,121,62,71,55,62,60,62,29,81,22,30,0,407,392,438,448,1081,1156,1125,1066,1470,750,706,697,696,661,1179,1332,29993,29994,29994,29995,29995,29996,29996,29997,29997,29998,29998,29999]} 1. e4 d5 2. exd5 Nf6 3. c4 c6 4. d4 cxd5 5. Nc3 e6 6. Nf3 Bb4 7. Bd2 O-O 8. Bd3 {B14: Caro-Kann (Panow-Angriff)} (8. c5 b6 9. a3 Bxc3 10. Bxc3 Ne4 11. Qc2 bxc5 12. dxc5 Nxc3 13. Qxc3 e5 14. Bb5 d4 15. Qd2 Qd5 16. Rc1 {0-1 (46) Sandipan,C (2603)-Eljanov,P (2719) Doha 2014}) 8... dxc4 9. Bxc4 {LiveBook: 4 Partien} Nc6 10. a3 {Die Stellung ist ausgeglichen.} Ba5 11. Bg5 h6 12. Bh4 Bxc3+ $146 ({Vorgänger:} 12... g5 13. Bg3 g4 14. Ne5 Qxd4 15. O-O Qxd1 16. Rfxd1 Bxc3 17. Nxc6 Bxb2 {0-1 (54) Stoeckmann,H (2172)-Von Herman,U (2413) Berlin 2005}) 13. bxc3 Qa5 14. Qc2 Ne4 15. Rc1 $36 {[%mdl 2048] Schwarz steht unter Druck.} Nd6 16. Ba2 Nf5 17. Bb1 g6 (17... Qd5 $14) 18. Bf6 $16 Qxa3 19. O-O {[%cal Bh1f1,Bf1d1,Bd1d3,Bd3h3][%mdl 32]} Re8 20. Ne5 (20. Rfe1 $16) 20... Nxe5 21. dxe5 Qf8 $1 22. Rfd1 {[%mdl 1024] Weiss hat Kompensation.} b5 23. Qe2 Rb8 24. h4 ({Besser ist} 24. g4 $16) 24... h5 $1 $11 25. Rd3 Qc5 $2 {[%mdl 8192] [#]} (25... a5 $11 {und Schwarz steht sicher.}) 26. g4 $1 $18 hxg4 27. Qxg4 Qf8 (27... Bb7 $142 28. h5 Qc4) 28. h5 Qh6 29. Rcd1 g5 30. Rh3 Kh7 31. Kh2 b4 32. cxb4 Qf8 33. Qxg5 {Beabsichtigt h6 und Matt.} Rxb4 34. Rg1 {Weiß setzt Matt.} Qh6 35. Bxf5+ $1 exf5 {[#]} 36. Qg6+ $1 {[%mdl 512]} fxg6 37. hxg6+ Kg8 38. Rxh6 {[%csl Gf6][%cal Rh6h8]} Rh4+ 39. Rxh4 {Precision: Weiß = 57%, Schwarz = 45%.} 1-0

[Event "Diamond Cement GM Open 2018"]
[Site "Chittagong"]
[Date "2018.09.04"]
[Round "4"]
[White "Rahman, Syed Mahfuzur"]
[Black "Neelash Saha"]
[Result "0-1"]
[WhiteElo "2201"]
[BlackElo "2373"]
[Annotator "TA"]
[PlyCount "103"]
[EventDate "2018.09.02"]
[EventCountry "BAN"]
[SourceTitle "playchess.com"]
[Source "ChessBase"]
[SourceQuality "1"]

{[%evp 15,103,37,33,0,43,19,27,24,20,20,27,27,17,-16,-6,-17,0,-19,-21,-70,-77,-114,-74,-69,-73,-86,-46,-91,-99,-113,-105,-108,-108,-257,-232,-401,-365,-396,-96,-120,-104,-143,-56,-111,-84,-84,-84,-84,-90,-97,-8,-69,0,-34,-52,-169,-144,-156,-147,-171,0,0,0,0,0,-298,-281,-374,-388,-357,-377,-360,-363,-335,-277,-273,-148,-163,-167,-153,-153,-386,-392,-793,-793,-786,-762,-745,-740,-660]} 1. d4 Nf6 2. Nf3 e6 3. c4 d5 4. Nc3 Bb4 5. Qa4+ Nc6 6. e3 O-O 7. Bd2 a6 8. a3 {D38: Queen's Gambit Declined: Ragozin Defence (4 Nf3 Bb4)} Bd6 {LiveBook: 14 Games} 9. Rc1 $146 ({Predecessor:} 9. c5 Be7 10. b4 e5 11. b5 exd4 12. exd4 Na7 13. bxa6 Ne4 14. Nxe4 dxe4 15. Ne5 b5 {½-½ (34) Krasenkow,M (2607)-Morozevich,A (2763) Jurmala 2012}) 9... Ne4 10. Bd3 {White is slightly better.} Nxd2 11. Nxd2 dxc4 12. Qxc4 e5 13. d5 $1 {[%cal Rd5c6]} Ne7 14. Qh4 {[%csl Gd3][%cal Rh4h7] [#]} f5 15. e4 f4 16. Nc4 f3 17. gxf3 Rxf3 18. Nxd6 cxd6 (18... Qxd6 {feels hotter.} 19. Be2 Rf6 20. Qg3 Bd7 21. h4 Raf8) 19. Be2 Rf4 20. Qg5 Qf8 21. f3 Bd7 22. Nb1 Ng6 23. h4 Rf7 24. Nd2 (24. Qe3 $17) 24... Nf4 25. Bf1 $2 (25. Rc3) 25... Rc8 $19 26. Kd1 b5 $2 (26... h6 $19 {is more deadly.} 27. Qg3 Qd8) 27. Qg1 $17 Qd8 28. Qe3 Qa5 (28... Be8 $17 {aiming for ...Rfc7.} 29. Rxc8 Qxc8) 29. b4 (29. Rxc8+ $15 Bxc8 30. Kc1) 29... Qa4+ 30. Qb3 Rxc1+ 31. Kxc1 Qxb3 32. Nxb3 h5 (32... Rf6 $17 33. Nd2 h6) 33. Na5 $11 Kf8 (33... Ng6 $1 $15 34. Be2 Kf8) 34. Kd2 (34. a4 $5) 34... Ng6 35. Bh3 ({White should try} 35. Ke3 $15) 35... Bxh3 $19 36. Rxh3 {[%mdl 4096] Endgame KRN-KRN} Rf4 37. Nb7 Nxh4 $2 ({Black should play} 37... Rxh4 $19 38. Rg3 Rh2+ 39. Kd1 Nf4 40. Nxd6 g6) 38. Nxd6 $11 Nxf3+ 39. Ke3 Nh4 40. a4 $2 {[%mdl 8192]} (40. Rg3 $1 $11) 40... bxa4 $19 41. Nc4 Ng2+ 42. Kd3 Rf1 43. Rh2 Nf4+ 44. Ke3 g5 45. Nxe5 g4 (45... Re1+ $19 46. Kd4 Ne2+ 47. Kc5 a3 48. Rf2+ Kg8) 46. d6 $17 g3 47. d7 {[#]} Ne6 $1 48. Rg2 $2 (48. Rd2 $17) 48... a3 $19 49. Nc4 $2 (49. Rd2 Nd8 50. Ra2) 49... h4 {[%cal Bh5h4,Bh4h3][%mdl 32] And now ...h3 would win.Black is clearly winning.} 50. Nxa3 h3 51. Rxg3 h2 52. Rh3 {Precision: White = 33%, Black = 68%.} 0-1

[Event "Diamond Cement GM Open 2018"]
[Site "Chittagong"]
[Date "2018.09.04"]
[Round "4"]
[White "Mohammed Abdul, Malek"]
[Black "Islam, Kh  Aminul"]
[Result "1/2-1/2"]
[WhiteElo "2186"]
[BlackElo "2273"]
[Annotator "TA"]
[PlyCount "20"]
[EventDate "2018.09.02"]
[EventCountry "BAN"]
[SourceTitle "playchess.com"]
[Source "ChessBase"]
[SourceQuality "1"]

{[%evp 16,20,-8,-18,-15,-38,-19]} 1. d4 d5 2. c4 c6 3. cxd5 cxd5 4. Nc3 Nc6 5. Nf3 Nf6 6. g3 Bf5 7. Bg2 e6 8. a3 Be7 9. O-O Ne4 {D13: Slav Defence: Exchange variation without ...Bf5} (9... h6 10. b4 O-O 11. Bb2 Ne4 12. Ne5 Nxc3 13. Bxc3 Rc8 14. Nd3 Na5 15. Rc1 Nc4 16. a4 Bg5 17. Nf4 Bxf4 18. gxf4 {0-1 (57) Foisor,C (2399)-Kosintseva,T (2474) Dresden 2007}) 10. Qb3 Qd7 $146 ({Predecessor:} 10... Na5 11. Qb5+ Kf8 12. Nxe4 Bxe4 13. b4 Nb3 14. Ra2 Bxf3 15. Bxf3 Nxd4 16. Qxb7 Nxf3+ 17. exf3 {1-0 (60) Estrella Becerra,F (2071)-Manrique,F (1975) Bogota 2012}) 1/2-1/2

[Event "Diamond Cement GM Open 2018"]
[Site "Chittagong"]
[Date "2018.09.04"]
[Round "4"]
[White "Md., Sharif Hossain"]
[Black "Lalith Babu M R"]
[Result "1/2-1/2"]
[WhiteElo "2182"]
[BlackElo "2527"]
[Annotator "TA"]
[PlyCount "118"]
[EventDate "2018.09.02"]
[EventCountry "BAN"]
[SourceTitle "playchess.com"]
[Source "ChessBase"]
[SourceQuality "1"]

{[%evp 11,118,29,35,20,59,42,45,23,26,20,29,13,33,39,65,72,109,101,106,122,125,115,118,112,132,103,107,30,27,22,35,23,36,32,47,62,33,36,45,46,50,50,50,49,47,50,133,135,135,128,142,141,139,138,141,85,115,97,113,93,89,77,89,0,0,0,0,0,0,0,0,0,0,0,0,0,0,0,0,0,4,4,4,4,4,4,4,4,4,0,0,0,0,0,0,0,0,0,0,0,0,0,0,0,0,0,0,0,0]} 1. e4 c6 2. d4 d5 3. e5 Bf5 4. Nf3 e6 5. Be2 Ne7 6. O-O Ng6 {LiveBook: 49 Games. B12: Caro-Kann: Advance Variation} (6... c5 7. Be3 Nec6 8. c3 Nd7 9. Nbd2 Be7 10. a3 a6 11. Re1 O-O 12. Nf1 Rc8 13. Ng3 Bg6 14. Nd2 cxd4 15. cxd4 Qb6 16. b4 Nxd4 17. Bf1 {0-1 (50) Caruana,F (2822)-Mamedyarov,S (2801) Saint Louis 2018}) 7. h3 h5 8. Re1 $146 ({Predecessor:} 8. Be3 Be7 9. c4 dxc4 10. Bxc4 Nd7 11. Nc3 Nb6 12. Bd3 Bxd3 13. Qxd3 Nd5 14. Ne4 {1-0 (45) Pfaff,H (2436)-Rolle,H (2238) ICCF email 2009}) 8... Nd7 {White is slightly better.} 9. Bd3 (9. Nbd2 {with more complications.} Nf4 10. Bf1 Be7 11. Nb3 Ng6 12. Be3) 9... Bxd3 10. Qxd3 Be7 11. Nc3 Ngf8 12. Ne2 Qc7 13. b3 O-O-O 14. Ng5 Bxg5 15. Bxg5 Re8 16. c4 Kb8 17. Bd2 Ng6 18. f4 Ne7 19. Bb4 (19. c5 $16) 19... c5 $11 20. dxc5 Nxc5 21. Qe3 Rc8 22. Nd4 Qb6 23. Ba3 $1 Rhd8 24. b4 $36 {[%mdl 2048] White is pushing.} Nd3 25. c5 ({Avoid the trap} 25. Qxd3 $2 dxc4 26. Qe3 Rxd4 $19) 25... Qa6 26. Reb1 $1 {[%cal Rb1b3]} Qxa3 27. Rb3 Qa6 28. Rxd3 Nf5 ({Black should try} 28... Qa4 $14) 29. Nxf5 $16 exf5 30. Qd2 Qc6 31. Rd1 b6 32. cxb6 axb6 33. Rxd5 ({Better is} 33. Qf2) 33... Rxd5 34. Qxd5 Qxd5 35. Rxd5 {[%mdl 4096] Endgame KR-KR} Rc1+ 36. Kh2 Kc7 37. Rd4 (37. Kg3 $16) 37... h4 $11 {The position is equal.} 38. a4 Ra1 39. Rc4+ Kd7 40. b5 Re1 41. Rc6 Re4 42. Rxb6 Rxa4 43. Rb7+ Ke6 44. Rb8 {aiming for b6.} Rxf4 45. b6 Rb4 46. b7 Kd7 47. Rf8 Rxb7 48. Rxf7+ Kc6 49. e6 {[#] Threatens to win with Rxb7.} Rb4 50. Rxg7 Kd6 51. e7 Kd7 52. Rf7 Rf4 53. Kg1 Ke8 54. Rh7 Kd7 55. g3 hxg3 56. Kg2 Re4 {[#]} 57. e8=Q+ $1 {[%mdl 512]} Kxe8 58. Kxg3 Kf8 59. Rh5 Kg7 {Precision: White = 61%, Black = 68%.} 1/2-1/2

[Event "Diamond Cement GM Open 2018"]
[Site "Chittagong"]
[Date "2018.09.04"]
[Round "4"]
[White "Anata, Choudhury"]
[Black "Subramaniam, Sumant"]
[Result "1-0"]
[WhiteElo "2109"]
[BlackElo "2103"]
[Annotator "TA"]
[PlyCount "57"]
[EventDate "2018.09.02"]
[EventCountry "BAN"]
[SourceTitle "playchess.com"]
[Source "ChessBase"]
[SourceQuality "1"]

{[%evp 21,57,16,28,0,47,22,29,19,26,35,45,47,572,575,526,568,508,560,524,404,673,461,478,483,1010,1001,980,986,1618,1536,1536,704,664,697,661,664,677,617]} 1. e4 c5 2. Nf3 Nc6 3. Bb5 g6 4. Bxc6 dxc6 5. d3 Bg7 6. h3 Nf6 7. Nc3 O-O 8. Be3 Nd7 9. Qd2 Re8 10. O-O e5 11. a3 Qe7 {LiveBook: 3 Games} 12. b4 {B31: Sicilian: 2...Nc6 3 Bb5 g6} f5 13. Bh6 $146 (13. exf5 {is interesting.} gxf5 14. Bh6 cxb4 15. axb4 Bxh6 16. Qxh6 Qxb4 17. Nh4) ({Predecessor:} 13. exf5 gxf5 14. Rfe1 cxb4 15. axb4 Qxb4 16. Ra4 Qd6 17. Rh4 Nf8 18. Bh6 Bd7 19. Bxg7 Kxg7 {1-0 (30) Martinez Romero,M (2363)-Calzetta Ruiz,M (2300) Cala Rajada 2012}) 13... cxb4 14. axb4 {White has an edge.} Bxh6 15. Qxh6 Qxb4 16. exf5 Qxc3 $4 {[%mdl 8192]} ({Better is} 16... gxf5 $14 17. Nh4 Rf8) 17. fxg6 $18 Re7 {[#] Threatens to win with ...Nf8.} 18. gxh7+ Rxh7 19. Qe6+ Kf8 20. Ng5 Rg7 (20... Re7 $142 21. Qg6 e4) 21. Ne4 {White is clearly winning.} Qd4 {[#] ...Nc5 is the strong threat.} 22. Nd6 {[%csl Gd6][%cal Re6e8]} Re7 (22... Rxg2+ $142 23. Kxg2 Qd5+ 24. Qxd5 cxd5) 23. Qh6+ Kg8 24. Nf5 $1 {[%csl LRd4,LRe7] Threatening mate with Qg5+.} Qc5 25. d4 exd4 26. Nxe7+ (26. Rae1 $142 Ne5 27. Qg5+ Kf7 28. Qg7+ (28. Qxe7+ Qxe7 29. Nxe7 Nf3+ 30. gxf3 Bxh3 $16) 28... Ke8 29. Nxe7 Qxe7 30. Rxe5) 26... Qxe7 27. Rfe1 Qg7 28. Qd6 Nf6 {Hoping for ...Bxh3.} 29. Ra3 {Precision: White = 55%, Black = 19%.} 1-0

[Event "Diamond Cement GM Open 2018"]
[Site "Chittagong"]
[Date "2018.09.04"]
[Round "4"]
[White "Dhar-Barua, Saheli"]
[Black "Rahman, Taibur"]
[Result "0-1"]
[WhiteElo "2027"]
[BlackElo "2217"]
[Annotator "TA"]
[PlyCount "50"]
[EventDate "2018.09.02"]
[EventCountry "BAN"]
[SourceTitle "playchess.com"]
[Source "ChessBase"]
[SourceQuality "1"]

{[%evp 15,50,0,0,-34,-27,-14,-2,-81,-38,-80,-75,-78,-89,-74,-83,-78,-83,-71,-72,-110,-106,-148,-140,-154,-132,-135,-120,-135,-125,-653,-645,-623,-600,-904,-806,-875,-862]} 1. e4 c5 2. Nf3 Nf6 3. Nc3 d5 4. exd5 Nxd5 5. d4 Nxc3 6. bxc3 g6 7. Bc4 Bg7 8. O-O O-O {LiveBook: 10 Games} 9. Ne5 {B02: Alekhine's Defence: Chase Variation and lines with early Nc3} Nd7 10. Qe2 Nb6 $146 ({Predecessor:} 10... cxd4 11. cxd4 Nxe5 12. dxe5 Qd4 13. Rb1 Bg4 14. Qd3 Qxd3 15. cxd3 b6 16. h3 Bd7 {0-1 (44) Lachmann,U (2197)-Paulsen,D (2385) Berlin 2000}) 11. Ba3 (11. Bb3 $11) 11... cxd4 (11... Nxc4 {looks sharper.} 12. Qxc4 cxd4 13. cxd4 Be6 14. Qb4 a5) 12. cxd4 Qxd4 13. Bxf7+ Rxf7 14. Nxf7 {[#]} Qc4 $1 {[%cal Rc4e2]} 15. Qxe7 {White wants to mate with Qe8+.} Qxf7 16. Qd8+ Bf8 17. Bb2 Bf5 18. Qh4 Rc8 $36 {[%mdl 2048] Black is on the roll.} 19. Rae1 {intending Qd4.} Rxc2 ({Worse is} 19... Bxc2 20. Qd4 $14) 20. Qd4 {[%csl Gb2][%cal Rd4h8] [#]} Rxb2 $1 {[%mdl 512]} 21. Qxb2 Bd3 22. Re3 $2 {[%mdl 8192]} (22. h4 $17) 22... Bxf1 $19 {Black is clearly winning.} 23. Rf3 Qd5 24. Qf6 {[%csl Gf3][%cal Rf6f8]} Bg7 25. Qe7 Bb5 {Precision: White = 21%, Black = 74%.} 0-1